Wang si ma zou shu : 1 juan /

Disimpan dalam:
Butiran Bibliografi
Pengarang Utama: Wang, Gui.
Format: Buku
Bahasa:Chinese
Diterbitkan: Taiben Shi : Guo lian tu shu chu ban you xian gong si, Min guo 53 [1964]
Siri:Huang Ming jing shi wen bian ; 12.
Penanda-penanda: Tambah Penanda
Tiada Penanda, Jadilah orang pertama menanda rekod ini!
LEADER 01121cam a2200265ui 4500
001 007788532-5
005 20024617112705.0
008 980512r19641638ch 000 0 chi d
035 0 |a ocm39103136 
040 |a *YNH*  |c *YNH*  |d CStRLIN 
100 1 |6 880-01  |a Wang, Gui. 
245 1 0 |6 880-02  |a Wang si ma zou shu :  |b 1 juan /  |c Wang Gui zhuan. 
260 |6 880-03  |a Taiben Shi :  |b Guo lian tu shu chu ban you xian gong si,  |c Min guo 53 [1964] 
300 |a 1 v. ;  |c 21 cm. 
490 1 |6 880-04  |a Huang Ming jing shi wen bian ;  |v 12 
500 |6 880-05  |a "Ben shu yi ju Guo li zhong yang tu shu guan zhen cang Ming Chongzhen jian [1638] Ping lu tang kan ben ying yin." 
880 1 |6 100-01  |a 王軌. 
880 1 0 |6 245-02  |a 王司馬奏疏 :  |b 1卷 /  |c 王軌撰. 
880 |6 260-03  |a 台北市 :  |b 國聯圖書出版有限公司,  |c 民國53 [1964] 
880 1 |6 490-04  |a 皇明經世文編 ;  |v 12 
880 |6 500-05  |a "本書依據國立中央圖書館珍藏明崇禎間[1638]平露堂刊本影印." 
830 0 |6 880-54  |a Huang Ming jing shi wen bian ;  |v 12. 
880 0 |6 830-54  |a 皇明經世文編 ;  |v 12. 
988 |a 20021121 
906 |0 MH